000 00809nam a2200289Ia 4500
003 OSt
005 20221005043652.0
006 a|||||r|||| 00| 0
007 ta
008 221004b |||||||| |||| 00| 0 eng d
024 _a47587
037 _cTextual
040 _aCRL
_cCRL
_beng
041 _2eng
_aeng
082 _aQ1a, M4
100 _aSatya Prakash
245 0 _aHinduism
_b A select bibliography
260 _aGurgaon
_bIndian Documentation Service
_c1984
300 _a352p.
_ccm.
490 _aSubject bibliography
650 _a RELIGION
650 _aBIBLIOGRAPHY
700 _a Mohammed Ali Syed Co.
_9591780
700 _a Sharma H S Co.
_9591781
942 _hQ1a, M4
_cTEXL
_2cc
999 _c952225
_d952225